10 państw najbliżej Mali - Statystyki

Ogólne statystyki
  • Ten quiz został rozwiązany 46 razy
    29 od ostatniego zresetowania
  • Średni wynik to 10 z 10
Statystyki odpowiedzi
km Państwo % Poprawnych
0 Algieria
100%
0 Gwinea
100%
0 Mauretania
100%
0 Niger
100%
194 Gambia
96%
237 Gwinea Bissau
96%
0 Senegal
96%
0 Burkina Faso
92%
0 Wybrzeże Kości Słoniowej
92%
285 Sierra Leone
88%
Nie znaleziono quizów pasujących do podanych kryteriów
Rozkład punktacji
Procent ludzi z każdym wynikiem
Percentyl według liczby udzielonych odpowiedzi
Twoja historia wyników
Nie rozwiązałeś tego quizu od ostatniego zresetowania